00357nam a2200109Ia 4500008004100000020001800041100002600059245010300085250001200188260002800200300001900228180205s9999 xx 000 0 und d a9780768939903 aMuchnick, Justin Ross aTeen's guide to college & career planning :byour highschool roadmap to college and career success a12th ed aUSA :bPeterson'sc2015 avii, 242 pages